000
00335nam a2200133Ia 4500
008
240624s9999 xx 000 0 und d
041
_a
eng
082
_a
823 KAR
100
_a
KARNAD GIRISH
245
_a
WEDDING ALBUM
260
_c
2009
_a
New Delhi
_b
Oxford University press
300
_a
xvii, : 93 : p. : cm. ; 21
365
_c
RS
_b
30
999
_c
12577
_d
12577